Score 0/10 Timer 02:00
5 Plays Today
Weight (1,000 lbs.) State % Correct
3,473,190Georgia
94.7%
657,000Florida
92.1%
265,600South Carolina
91.5%
659,950Alabama
91.4%
588,000Texas
91%
299,200North Carolina
90.5%
151,200Mississippi
86.8%
73,150Virginia
81.7%
31,500Oklahoma
67.4%
15,000New Mexico
57.2%
Remove Ads.
Support Sporcle.
Get the best of Sporcle when you Go Orange. This ad-free experience offers more features, more stats, and more fun while also helping to support Sporcle. Thank you for becoming a member.

You're not logged in!

Compare scores with friends on all Sporcle quizzes.
OR
Log In

Show Comments

Extras

Top Quizzes Today


Score Distribution

Your Account Isn't Verified!

In order to create a playlist on Sporcle, you need to verify the email address you used during registration. Go to your Sporcle Settings to finish the process.

Report this User

Report this user for behavior that violates our Community Guidelines.

Details: